A clinical sample of women who have sexually abused children

Guardado en:  
Detalles Bibliográficos
Autor principal: Faller, Kathleen Coulborn (Autor)
Tipo de documento: Print Artículo
Lenguaje:Inglés
Publicado: 1995
En:In: Journal of child sexual abuse 4(1995), 3, Seite 13-30
Verificar disponibilidad: HBZ Gateway
Palabras clave:

MARC

LEADER 00000caa a22000002c 4500
001 1639210318
003 DE-627
005 20220608124407.0
007 tu
008 160223s1995 xx ||||| 00| ||eng c
035 |a (DE-627)1639210318 
035 |a (DE-576)455799660 
035 |a (DE-599)BSZ455799660 
040 |a DE-627  |b ger  |c DE-627  |e rakwb 
041 |a eng 
100 1 |a Faller, Kathleen Coulborn  |0 (DE-588)1050123417  |0 (DE-627)783573405  |0 (DE-576)164713239  |4 aut 
109 |a Faller, Kathleen Coulborn  |a Faller, Kathleen C.  |a Faller, Kathleen May  |a Coulborn Faller, Kathleen  |a Faller, Kathleen M.  |a Faller, Kathleen May Lawton Coulborn 
245 1 2 |a A clinical sample of women who have sexually abused children  |c Kathleen Coulborn Faller 
264 1 |c 1995 
336 |a Text  |b txt  |2 rdacontent 
337 |a ohne Hilfsmittel zu benutzen  |b n  |2 rdamedia 
338 |a Band  |b nc  |2 rdacarrier 
773 0 8 |i In  |a Journal of child sexual abuse  |g 4(1995), 3, Seite 13-30 
773 1 8 |g volume:4  |g year:1995  |g number:3  |g pages:13-30 
935 |a mkri 
951 |a AR 
ELC |b 1 
LOK |0 000 xxxxxcx a22 zn 4500 
LOK |0 001 3299583212 
LOK |0 003 DE-627 
LOK |0 004 1639210318 
LOK |0 005 20160223094846 
LOK |0 008 160208||||||||||||||||ger||||||| 
LOK |0 040   |a DE-21-110  |c DE-627  |d DE-21-110 
LOK |0 689   |a s  |a Frauen 
LOK |0 689   |a s  |a Sexueller Kindesmissbrauch 
LOK |0 852   |z Kein Bestand am IfK; Nachweis für KrimDok 
LOK |0 852   |a DE-21-110 
LOK |0 852 1  |m v  |9 00 
LOK |0 935   |a k110 
LOK |0 938   |k v 
LOK |0 939   |a 08-02-16  |b l01 
ORI |a SA-MARC-krimdoka001.raw